Sports Quiz

Random Sports or MLB Quiz

Big 4 MVPs from Philadelphia Quiz Stats

 Plays Quiz not verified by Sporcle

Challenge
Share
Tweet
Embed
Score 0/23 Timer 05:00
1 Play Today
Team Player % Correct
SixersAllen Iverson
94.9%
PhilliesRyan Howard
90.2%
PhilliesJimmy Rollins
89.4%
SixersJulius Erving
88.6%
PhilliesMike Schmidt
86.4%
PhilliesMike Schmidt
86.4%
PhilliesMike Schmidt
86.4%
WarriorsWilt Chamberlain
86.4%
SixersWilt Chamberlain
86.4%
SixersWilt Chamberlain
86.4%
SixersWilt Chamberlain
86.4%
SixersMoses Malone
81%
Team Player % Correct
FlyersEric Lindros
71.8%
FlyersBobby Clarke
66.6%
FlyersBobby Clarke
66.6%
FlyersBobby Clarke
66.6%
AthleticsJimmy Foxx
61.8%
AthleticsJimmy Foxx
61.8%
EaglesNorm VanBrocklin
41.5%
PhilliesChuck Klein
37.8%
AthleticsLefty Grove
25.6%
PhilliesJim Konstanty
21.1%
AthleticsBobby Shantz
14.3%

You're not logged in!

Compare scores with friends on all Sporcle quizzes.
OR
Log In

You Might Also Like...

Show Comments

Extras

Top Quizzes Today


Score Distribution

Your Account Isn't Verified!

In order to create a playlist on Sporcle, you need to verify the email address you used during registration. Go to your Sporcle Settings to finish the process.

Report this User

Report this user for behavior that violates our Community Guidelines.

Details: